000 02065nam a2200601 i 4500
001 2303
003 KOSZ 005
005 20201001142155.0
008 990506s1983 pl |000 0 pol
015 _aUWD 1984/4025
035 _a991009662599705066
035 _a(PL-WaBN)b12612054-48omnis_nlop
035 _ab12612054
035 _a(OCoLC)830240607
035 _a(PL)b0000001261205
035 _a(EXLNZ-48OMNIS_NETWORK)9910481494805606
040 _aWA N
_cWA N
041 0 _apol
044 _apl
046 _k1983
080 _a621.315.5
080 _a621.315.6
080 _a621.317
080 _a621.318
080 _a620.1
080 _a(075.8)
080 _a(076)
100 1 _aWoynarowski, Zbigniew
_d(1914-1988)
_eAutor
245 1 0 _aBadania materiałów elektrotechnicznych :
_bmateriały pomocnicze do ćwiczeń laboratoryjnych dla studentów Wydziału Elektrycznego /
_cZbigniew Woynarowski, Jan Sulikowski, Wieczysław Augustyniak ; Politechnika Gdańska.
250 _a[Wydanie 3].
260 _aGdańsk :
_bWydawnictwo Politechniki Gdańskiej,
_c1983.
300 _a120 stron ;
_c24 cm.
336 _aTekst
_btxt
_2rdacontent
337 _aBez urządzenia pośredniczącego
_bn
_2rdamedia
338 _aWolumin
_bnc
_2rdacarrier
380 _aKsiążki
380 _aPublikacje dydaktyczne
388 _a1901-2000
388 _a1945-1989
650 7 _aElektrotechnika
_2DBN
650 7 _aElektronika
650 7 _aMateriały magnetyczne
655 7 _aĆwiczenia i zadania dla szkół wyższych
_2DBN
655 7 _aPodręczniki akademickie
658 _aInżynieria i technika
700 1 _aAugustyniak, Wieczesław
_eAutor
700 1 _aSulikowski, Jan
_eAutor
710 2 _aPolitechnika Gdańska
710 2 _aWydawnictwo Politechniki Gdańskiej
_4pbl
856 _uhttp://koha.tu.koszalin.pl/cgi-bin/koha/opac-detail.pl?biblionumber=2303
_yKatalog online BPK
942 _2UKD
_cKS
999 _c2303
_d2303